ბათუმის შოთა რუსთაველის სახელმწიფო უნივერსიტეტის ბიბლიოთეკა

სიბრძნე სიცრუისა (ბიბ.ჩანაწერი № 49651)

000 -LEADER
fixed length control field 00736nam a2200205Ia 4500
001 - CONTROL NUMBER
control field 16583
003 - CONTROL NUMBER IDENTIFIER
control field GE_BSU
008 - FIXED-LENGTH DATA ELEMENTS--GENERAL INFORMATION
fixed length control field 181216s||||||||xx |||||||||||||| ||und||
040 ## - CATALOGING SOURCE
Transcribing agency GE_BSU
080 ## - UNIVERSAL DECIMAL CLASSIFICATION NUMBER
Universal Decimal Classification number 821.353.1-391
100 ## - MAIN ENTRY--PERSONAL NAME
Personal name ორბელიანი, სულხან-საბა (1658-1725)
245 ## - TITLE STATEMENT
Title სიბრძნე სიცრუისა
245 ## - TITLE STATEMENT
Statement of responsibility, etc. გ. ლეონიძის წინასიტყვ. და სოლომონ იორდანიშვილის რედ.
260 ## - PUBLICATION, DISTRIBUTION, ETC.
Place of publication, distribution, etc. თბილისი
260 ## - PUBLICATION, DISTRIBUTION, ETC.
Name of publisher, distributor, etc. საბჭ. მწერალი
260 ## - PUBLICATION, DISTRIBUTION, ETC.
Date of publication, distribution, etc. 1957
300 ## - PHYSICAL DESCRIPTION
Extent 179გვ. ; 21სმ
653 ## - INDEX TERM--UNCONTROLLED
Uncontrolled term სიბრძნე სიცრუისა
942 ## - ADDED ENTRY ELEMENTS (KOHA)
Koha item type წიგნი
ეგზემპლარები
Withdrawn status Lost status Damaged status Not for loan Date acquired Barcode Date last seen Price effective from Koha item type
        2018-12-17 41323 2018-12-17 2018-12-17 წიგნი
        2018-12-17 41324 2018-12-17 2018-12-17 წიგნი